[Event "Oberliga NRW 9899 II"]
[Site "Germany"]
[Date "1999.??.??"]
[Round "8.4"]
[White "Schaffarczyk, Andre"]
[Black "Thoennessen, Ralf"]
[Result "1-0"]
[WhiteElo "2110"]
[BlackElo "2151"]
[PlyCount "37"]
[EventDate "1998.10.10"]
[EventType "team"]
[EventRounds "9"]
[EventCountry "GER"]
[SourceTitle "EXT 2000"]
[Source "ChessBase"]
[SourceDate "1999.11.16"]
[SourceVersion "1"]
[SourceVersionDate "1999.11.16"]
[SourceQuality "1"]
[WhiteTeam "Detmold"]
[BlackTeam "Uebach Palenberg"]
[WhiteTeamCountry "GER"]
[BlackTeamCountry "GER"]

1. e4 e6 2. d4 d5 3. Nc3 Bb4 4. e5 c5 5. a3 Bxc3+ 6. bxc3 Ne7 7. Qg4 Qc7 8. Bd3 cxd4 9. Ne2 dxc3 10. Qxg7 Rg8 11. Qxh7 Qxe5 12. Bf4 Qf6 13. h4 Rxg2 14. Kf1 Rg8 15. Bg5 Qf3 16. Ng3 d4 17. Be4 Qg4 18. Nh5 Nd7 19. f3 1-0

[Event "Oberliga NRW 9798 I"]
[Site "Germany"]
[Date "1997.??.??"]
[Round "3.7"]
[White "Thoennessen, Ralf"]
[Black "Orth, Roman"]
[Result "1-0"]
[WhiteElo "2176"]
[BlackElo "2053"]
[PlyCount "60"]
[EventDate "1997.10.??"]
[EventType "team"]
[EventRounds "9"]
[EventCountry "GER"]
[SourceTitle "EXT 1999"]
[Source "ChessBase"]
[SourceDate "1998.11.16"]
[SourceVersion "1"]
[SourceVersionDate "1998.11.16"]
[SourceQuality "1"]
[WhiteTeam "Palenberg"]
[BlackTeam "Bochum"]
[WhiteTeamCountry "GER"]
[BlackTeamCountry "GER"]

1. e4 c5 2. Nc3 Nc6 3. f4 d6 4. Nf3 g6 5. Bb5 Bd7 6. 0-0 Bg7 7. Bxc6 bxc6 8. d3 Rb8 9. Qe1 h5 10. Rb1 Nh6 11. h3 Qc8 12. f5 gxf5 13. Bg5 fxe4 14. Nxe4 Be6 15. b3 Nf5 16. Nh4 Bd4+ 17. Kh1 Nxh4 18. Qxh4 Qd7 19. c3 Bg7 20. Rbe1 Rb7 21. Bf4 a5 22. Re2 a4 23. bxa4 Kf8 24. Bd2 Kg8 25. Ng5 Bf6 26. Qg3 h4 27. Qf4 Bxa2 28. c4 Bb1 29. Re3 Rh5 30. Ne4 Kg7 1-0

[Event "Uebach op g/45"]
[Site "Uebach"]
[Date "1996.??.??"]
[Round "6"]
[White "Fancsy, Imre"]
[Black "Thoennessen, Ralf"]
[Result "1/2-1/2"]
[WhiteElo "2375"]
[BlackElo "2110"]
[PlyCount "46"]
[EventDate "1996.??.??"]
[EventType "swiss"]
[EventRounds "9"]
[EventCountry "GER"]
[SourceTitle "EXT 2004"]
[Source "ChessBase"]
[SourceDate "2003.11.25"]
[SourceVersion "1"]
[SourceVersionDate "2003.11.25"]
[SourceQuality "1"]

1. Nf3 e6 2. c4 f5 3. g3 Nf6 4. Bg2 d5 5. 0-0 Bd6 6. d4 c6 7. Bf4 Bxf4 8. gxf4 0-0 9. e3 Nbd7 10. Qe2 Qe8 11. Ne5 Ne4 12. Rc1 Rf6 13. Nd2 Nxd2 14. Qxd2 Qh5 15. Qd1 Qh4 16. Nf3 Qh5 17. Ne5 Qh4 18. Qf3 Nxe5 19. fxe5 Rg6 20. Kh1 Bd7 21. Rc2 Rf8 22. Qh3 Qe7 23. f4 Rh6 1/2-1/2